Význam zákazníckeho servisu v distribúcii
Význam zákazníckeho servisu v distribúcii pre zabezpečenie spokojnosti a vernosti zákazníkov. Manažment distribučného kanála. Funkcie distribučného kanála. Definícia distribučného kanála. Logistika ako prostriedok znižovania nákladov distribúcie. Spokojnosť zákazníkov. Význam dodávateľského reťazca...
Salvato in:
| Autore principale: | |
|---|---|
| Altri autori: | , |
| Natura: | Capitolo di libro |
| Lingua: | slovacco |
| Soggetti: | |
| Tags: |
Nessun Tag, puoi essere il primo ad aggiungerne!!
|
MARC
| LEADER | 00000naa$a2200000$$$4500 | ||
|---|---|---|---|
| 001 | 0050938 | ||
| 005 | 20240502083134.6 | ||
| 041 | 0 | |a slo | |
| 044 | |a CZ | ||
| 245 | 1 | 0 | |a Význam zákazníckeho servisu v distribúcii |
| 520 | |a Význam zákazníckeho servisu v distribúcii pre zabezpečenie spokojnosti a vernosti zákazníkov. Manažment distribučného kanála. Funkcie distribučného kanála. Definícia distribučného kanála. Logistika ako prostriedok znižovania nákladov distribúcie. Spokojnosť zákazníkov. Význam dodávateľského reťazca pre distribúciu. | ||
| 610 | 2 | 0 | |a kanály distribučné |
| 610 | 2 | 0 | |a distribúcia |
| 610 | 2 | 0 | |a pojmy |
| 610 | 2 | 0 | |a servis |
| 610 | 2 | 0 | |a zákazníci |
| 610 | 2 | 0 | |a reťazce distribučné |
| 610 | 2 | 0 | |a reťazce logistické |
| 610 | 2 | 0 | |a manažment |
| 610 | 2 | 0 | |a výhody konkurenčné |
| 610 | 2 | 0 | |a spokojnosť zákazníkov |
| 100 | 1 | |a Dzurová, Mária | |
| 700 | 1 | |a Mariaš, Miroslav | |
| 700 | 1 | |a Dzuro, Matúš, 1983- | |